<?xml version="1.0" encoding="UTF-8"?>
<record
    xmlns:xsi="http://www.w3.org/2001/XMLSchema-instance"
    xsi:schemaLocation="http://www.loc.gov/MARC21/slim http://www.loc.gov/standards/marcxml/schema/MARC21slim.xsd"
    xmlns="http://www.loc.gov/MARC21/slim">

  <leader>01108cam a2200313u  4500</leader>
  <controlfield tag="001">18824</controlfield>
  <controlfield tag="003">BD-RjUL</controlfield>
  <controlfield tag="005">20211209000335.0</controlfield>
  <controlfield tag="008">140222s19511909enk           001 0aeng</controlfield>
  <datafield tag="035" ind1=" " ind2=" ">
    <subfield code="a">(BD-RjUL)18882</subfield>
  </datafield>
  <datafield tag="040" ind1=" " ind2=" ">
    <subfield code="a">DLC</subfield>
    <subfield code="c">CarP</subfield>
    <subfield code="d">DLC</subfield>
    <subfield code="d">DLC</subfield>
    <subfield code="b">eng</subfield>
  </datafield>
  <datafield tag="041" ind1=" " ind2=" ">
    <subfield code="a">eng</subfield>
  </datafield>
  <datafield tag="082" ind1=" " ind2=" ">
    <subfield code="a">940.18</subfield>
    <subfield code="b">VIM 1951</subfield>
  </datafield>
  <datafield tag="100" ind1="1" ind2=" ">
    <subfield code="a">Villehardouin, Geoffroi de,</subfield>
    <subfield code="d">-approximately 1212.</subfield>
    <subfield code="9">58041</subfield>
  </datafield>
  <datafield tag="245" ind1="1" ind2="0">
    <subfield code="a">Memoirs of the crusades /</subfield>
    <subfield code="c">Geoffroi de Villehardouin</subfield>
  </datafield>
  <datafield tag="260" ind1=" " ind2=" ">
    <subfield code="a">London :</subfield>
    <subfield code="b">J.M. Dent &amp; sons, ltd;</subfield>
    <subfield code="a">New York :</subfield>
    <subfield code="b">E.P. Dutton &amp; co.</subfield>
    <subfield code="c">c 1909 [reprinting 1951]</subfield>
  </datafield>
  <datafield tag="300" ind1=" " ind2=" ">
    <subfield code="a">xli, [1], 340 p. ;</subfield>
    <subfield code="c">18 cm.</subfield>
  </datafield>
  <datafield tag="504" ind1=" " ind2=" ">
    <subfield code="a">includes index</subfield>
  </datafield>
  <datafield tag="600" ind1="0" ind2="0">
    <subfield code="a">Louis</subfield>
    <subfield code="c">King of France,</subfield>
    <subfield code="d">1214-1270.</subfield>
    <subfield code="9">58050</subfield>
  </datafield>
  <datafield tag="650" ind1=" " ind2="0">
    <subfield code="a">Crusades</subfield>
    <subfield code="y">Seventh, 1248-1250.</subfield>
    <subfield code="9">58043</subfield>
  </datafield>
  <datafield tag="650" ind1=" " ind2="0">
    <subfield code="a">Crusades</subfield>
    <subfield code="y">Fourth, 1202-1204.</subfield>
    <subfield code="9">58044</subfield>
  </datafield>
  <datafield tag="651" ind1=" " ind2="0">
    <subfield code="a">Latin Empire</subfield>
    <subfield code="y">1204-1261.</subfield>
    <subfield code="9">58045</subfield>
  </datafield>
  <datafield tag="651" ind1=" " ind2="0">
    <subfield code="a">Istanbul (Turkey)</subfield>
    <subfield code="x">History.</subfield>
    <subfield code="9">58046</subfield>
  </datafield>
  <datafield tag="700" ind1="1" ind2=" ">
    <subfield code="a">Joinville, Jean,</subfield>
    <subfield code="c">sire de,</subfield>
    <subfield code="d">1224?-1317?</subfield>
    <subfield code="9">58047</subfield>
  </datafield>
  <datafield tag="700" ind1="1" ind2=" ">
    <subfield code="a">Marzials, Frank T.</subfield>
    <subfield code="q">(Frank Thomas),</subfield>
    <subfield code="c">Sir,</subfield>
    <subfield code="d">1840-1912,</subfield>
    <subfield code="e">tr.</subfield>
    <subfield code="9">58048</subfield>
  </datafield>
  <datafield tag="942" ind1=" " ind2=" ">
    <subfield code="2">ddc</subfield>
    <subfield code="c">BK</subfield>
  </datafield>
  <datafield tag="999" ind1=" " ind2=" ">
    <subfield code="c">18824</subfield>
    <subfield code="d">18824</subfield>
  </datafield>
  <datafield tag="952" ind1=" " ind2=" ">
    <subfield code="0">0</subfield>
    <subfield code="1">0</subfield>
    <subfield code="2">ddc</subfield>
    <subfield code="4">0</subfield>
    <subfield code="7">1</subfield>
    <subfield code="8">NFIC</subfield>
    <subfield code="a">RUCL</subfield>
    <subfield code="b">RUCL</subfield>
    <subfield code="c">Reading</subfield>
    <subfield code="d">1955-09-28</subfield>
    <subfield code="e">Black well</subfield>
    <subfield code="g">55.00</subfield>
    <subfield code="l">0</subfield>
    <subfield code="o">940.18 VIM 1951</subfield>
    <subfield code="r">2014-02-22 00:00:00</subfield>
    <subfield code="t">C-1</subfield>
    <subfield code="w">2014-02-22</subfield>
    <subfield code="y">BK</subfield>
  </datafield>
</record>
